| 000 | 00455 a2200169 4500 | ||
|---|---|---|---|
| 001 | 066162 | ||
| 003 | OSt | ||
| 005 | 20210915143826.0 | ||
| 008 | |||
| 082 |
_a512.74 _bH84F |
||
| 100 | 1 | _aHowie, John M. | |
| 245 | 1 |
_aFields and galois theory _cby John M. Howie |
|
| 260 |
_aNew York _bSpringer _c2008 |
||
| 300 | _a227p. | ||
| 690 | _aGalois theory; Algebraic fields; Algebra; Field theory (Physics) | ||
| 942 |
_2ddc _cBK |
||
| 999 |
_c344 _d344 |
||